| 000 | 00592nam a2200205 a 4500 | ||
|---|---|---|---|
| 005 | 20230602063809.0 | ||
| 008 | 160603s2015 mx r 000 0 spa d | ||
| 020 | _a9786074953954 | ||
| 035 | _aUPN01000211116 | ||
| 049 | _aCG | ||
| 050 | 4 |
_aPQ7298.429 H4.4 _bQ4.7 |
|
| 100 | 1 |
_aSheinberg Frenkel, Moisés, _d1966- _939498 |
|
| 245 | 1 | 0 |
_aQuerido Segis / _cMoisés Sheinberg Frenkel. |
| 260 |
_aToluca : _bGobierno del Estado de México : _bFOEM, _c2015. |
||
| 300 | _a229 p. | ||
| 440 | 0 |
_aLetras. _pnarrativa |
|
| 650 | 4 |
_aNovela mexicana _94557 |
|
| 905 | _aLibro | ||
| 999 |
_c183217 _d183217 |
||